000 00993nac a22002657a 4500
001 BR7600264
003 BR-BrBNA
005 20240105113907.0
008 230509b bl.|||m| |||| 00| 0 por d
040 _aBR-BrBNA
_bpor
_cBiblioteca Nacional de Agricultura
072 _aH10
090 _a0180 BR7600264
100 1 _aFehns, L.M.
100 1 _aMenchoy, A.B.
110 1 _aEmpresa Brasileira de Pesquisa Agropecuaria, Pelotas, RS. Representacao Estadual no Rio Grande do Sul
_93900
245 1 _aResultados obtidos com a pesquisa sobre o combate aos pulgoes do trigo, em 1973 e 1974 [Metopolophium dirhodum, Macrosiphum avenae]
260 3 _aPelotas, RS (Brasil):
_cJun 1975.
300 _a20 p.
490 _aBoletim Tecnico - Empresa Brasileira de Pesquisa Agropecuaria. Representacao Estadual no Rio Grande do Sul (Brazil)
_vno. 98
_x
500 _a8 tables
650 _aPULGAO
650 _aTRIGO
909 _a202312
_bLúcia Elande
_c55
_dLúcia Elande
942 _2AGRIS
_n0
_cMS
999 _c266193
_d266193